[Event "Poznan op-B 17th"]
[Site "Poznan"]
[Date "2008.07.25"]
[Round "7"]
[White "Frackowiak, Slawomir"]
[Black "Buchowski, Radoslaw"]
[Result "0-1"]
[WhiteElo "1991"]
[BlackElo "1832"]
[PlyCount "36"]
[EventDate "2008.07.19"]
[EventType "swiss"]
[EventRounds "9"]
[EventCountry "POL"]
[SourceTitle "EXT 2009"]
[Source "ChessBase"]
[SourceDate "2008.11.26"]
[SourceVersion "1"]
[SourceVersionDate "2008.11.26"]
[SourceQuality "1"]

1. d4 Nf6 2. Nf3 e6 3. c4 c5 4. g3 cxd4 5. Nxd4 Bb4+ 6. Nc3 Ne4 7. Qd3 Qa5 8. Bd2 Nxd2 9. Qxd2 Bxc3 10. bxc3 Nc6 11. Nb3 Qc7 12. Bg2 0-0 13. c5 Rb8 14. Qd6 Qxd6 15. cxd6 b6 16. 0-0 Ba6 17. Rfe1 Rfc8 18. Rac1 Ne5 0-1

[Event "Poznan op-B 17th"]
[Site "Poznan"]
[Date "2008.07.22"]
[Round "4"]
[White "Haja, Jacek"]
[Black "Frackowiak, Slawomir"]
[Result "1-0"]
[WhiteElo "1769"]
[BlackElo "1991"]
[PlyCount "94"]
[EventDate "2008.07.19"]
[EventType "swiss"]
[EventRounds "9"]
[EventCountry "POL"]
[SourceTitle "EXT 2009"]
[Source "ChessBase"]
[SourceDate "2008.11.26"]
[SourceVersion "1"]
[SourceVersionDate "2008.11.26"]
[SourceQuality "1"]

1. e4 c5 2. Nf3 Nc6 3. d4 cxd4 4. Nxd4 d6 5. Nc3 Nf6 6. Be2 g6 7. Be3 Bg7 8. Qd2 0-0 9. 0-0 Bd7 10. a4 Nxd4 11. Bxd4 Bc6 12. f3 Qa5 13. Rfb1 Qb4 14. Be3 Rfd8 15. Qd4 a5 16. Qxb4 axb4 17. Nb5 Nd7 18. Ra2 Nc5 19. b3 Rdc8 20. Rd1 Kf8 21. Bd4 Bxb5 22. Bxg7+ Kxg7 23. Bxb5 Ne6 24. Rd2 Rc3 25. Kf2 g5 26. h3 Ra5 27. Rd3 Rxd3 28. Bxd3 Nd4 29. Ke3 e5 30. Bc4 b6 31. Kd2 Rc5 32. c3 bxc3+ 33. Kxc3 Kf6 34. b4 Rc7 35. Kd3 Ke7 36. a5 bxa5 37. bxa5 Kd8 38. a6 Ra7 39. Bd5 f6 40. Bb7 h5 41. Kc4 Kd7 42. Kd5 Kc7 43. Rb2 h4 44. Rb4 f5 45. Rc4+ Kd7 46. Rc8 fxe4 47. fxe4 Ne6 1-0

[Event "Poznan op 15th"]
[Site "Poznan"]
[Date "2006.07.24"]
[Round "3"]
[White "Rawicz, Karol"]
[Black "Frackowiak, Slawomir"]
[Result "0-1"]
[WhiteElo "2110"]
[BlackElo "2016"]
[PlyCount "84"]
[EventDate "2006.07.22"]
[EventType "swiss"]
[EventRounds "9"]
[EventCountry "POL"]
[SourceTitle "EXT 2008"]
[Source "ChessBase"]
[SourceDate "2007.11.25"]
[SourceVersion "1"]
[SourceVersionDate "2007.11.25"]
[SourceQuality "1"]

1. d4 Nf6 2. c4 g6 3. Nc3 d5 4. cxd5 Nxd5 5. e4 Nxc3 6. bxc3 Bg7 7. Bc4 c5 8. Ne2 Nc6 9. Be3 0-0 10. 0-0 Qc7 11. Bf4 Qa5 12. d5 Ne5 13. Bxe5 Bxe5 14. Qb3 g5 15. a4 Rb8 16. f3 Kh8 17. Qc2 a6 18. Qd2 Rg8 19. d6 Bxd6 20. Bxf7 Rg7 21. Bd5 Qc7 22. f4 gxf4 23. Nxf4 Bg4 24. Kh1 e6 25. Ba2 Be5 26. h3 Qe7 27. Qe3 Qh4 28. Rf2 Rbg8 29. g3 Qh6 30. h4 b6 31. Bc4 a5 32. Re1 Bh5 33. Rg1 Bf7 34. Rf3 Rg4 35. Ne2 Qg6 36. Bd3 Be8 37. Nf4 Qh6 38. Ne2 Qg7 39. Rb1 Rxh4+ 40. Kg2 Qg4 41. Rxb6 Bh5 42. Ng1 Qg7 0-1

[Event "Poznan op 15th"]
[Site "Poznan"]
[Date "2006.07.22"]
[Round "1"]
[White "Sieciechowicz, Marcin"]
[Black "Frackowiak, Slawomir"]
[Result "1/2-1/2"]
[WhiteElo "2191"]
[BlackElo "2016"]
[PlyCount "93"]
[EventDate "2006.07.22"]
[EventType "swiss"]
[EventRounds "9"]
[EventCountry "POL"]
[SourceTitle "EXT 2008"]
[Source "ChessBase"]
[SourceDate "2007.11.25"]
[SourceVersion "1"]
[SourceVersionDate "2007.11.25"]
[SourceQuality "1"]

1. d4 Nf6 2. c4 e6 3. Nc3 d5 4. Bg5 Nbd7 5. e3 c6 6. Nf3 Be7 7. Bd3 0-0 8. 0-0 dxc4 9. Bxc4 Nd5 10. Bxe7 Qxe7 11. e4 N5b6 12. Bb3 e5 13. a4 a5 14. dxe5 Nxe5 15. Nxe5 Qxe5 16. f4 Qc5+ 17. Kh1 Be6 18. Bxe6 fxe6 19. Qb3 Nc4 20. e5 Nd2 21. Qxe6+ Kh8 22. Rfd1 Qf2 23. Qg4 Rxf4 24. Qe2 Nb3 25. Qxf2 Rxf2 26. Ne4 Rf4 27. Ra3 Rxe4 28. Rxb3 Rxe5 29. Rxb7 Rae8 30. Kg1 h6 31. Rc7 Re1+ 32. Rxe1 Rxe1+ 33. Kf2 Rb1 34. Rb7 Kg8 35. h4 Kf8 36. h5 c5 37. Rb5 c4 38. g4 Ke7 39. Ke3 Rd1 40. Kf4 Rb1 41. Rxa5 Rxb2 42. Kf5 Kf7 43. Rc5 Rb4 44. a5 c3 45. a6 Ra4 46. g5 hxg5 47. Rxc3 1/2-1/2

[Event "Polanica Zdroj op"]
[Site "Polanica Zdroj"]
[Date "2001.08.23"]
[Round "8"]
[White "Dudzinski, Pawel"]
[Black "Frackowiak, Slawomir"]
[Result "1-0"]
[WhiteElo "2090"]
[BlackElo "2127"]
[PlyCount "40"]
[EventDate "2001.08.16"]
[EventType "swiss"]
[EventRounds "10"]
[EventCountry "POL"]
[SourceTitle "EXT 2002"]
[Source "ChessBase"]
[SourceDate "2001.11.25"]
[SourceVersion "1"]
[SourceVersionDate "2001.11.25"]
[SourceQuality "1"]

1. e4 c5 2. c4 Nc6 3. Nc3 g6 4. g3 Bg7 5. Bg2 d6 6. Nge2 Ne5 7. 0-0 Nd3 8. Qc2 Nxc1 9. Raxc1 Nh6 10. a3 Rb8 11. Rcd1 0-0 12. d4 cxd4 13. Nxd4 Qa5 14. Nd5 Re8 15. Nb5 Kf8 16. b4 Qd8 17. Nbc7 e6 18. Nxe8 Kxe8 19. Nc3 a6 20. c5 Qf6 1-0

[Event "Polanica Zdroj op"]
[Site "Polanica Zdroj"]
[Date "2001.08.19"]
[Round "4"]
[White "Hudziak, Pawel"]
[Black "Frackowiak, Slawomir"]
[Result "1/2-1/2"]
[WhiteElo "2190"]
[BlackElo "2127"]
[PlyCount "40"]
[EventDate "2001.08.16"]
[EventType "swiss"]
[EventRounds "10"]
[EventCountry "POL"]
[SourceTitle "EXT 2002"]
[Source "ChessBase"]
[SourceDate "2001.11.25"]
[SourceVersion "1"]
[SourceVersionDate "2001.11.25"]
[SourceQuality "1"]

1. c4 Nf6 2. Nc3 c5 3. Nf3 b6 4. e4 d6 5. d3 e6 6. g3 Be7 7. Bg2 Bb7 8. 0-0 0-0 9. Ne1 Nc6 10. Nc2 Rb8 11. f4 a6 12. a4 Nd4 13. Ne3 Bc6 14. g4 Re8 15. g5 Nd7 16. h4 Bf8 17. f5 Ne5 18. f6 b5 19. fxg7 Bxg7 20. axb5 axb5 1/2-1/2